Quizzes
Events
Quiz Creation
Community
Videos
Private Events
Remove Ads
Sign In
Join for FREE
Feedback
Dark Mode
Quiz Categories
Sports
Geography
Music
Movies
Television
Just For Fun
Miscellaneous
History
Literature
Language
Science
Gaming
Entertainment
Religion
Holiday
For Kids
Quiz Lab
Recent
Popular Today
Quiz Kudos Today
Editor Picks
Curator Picks
Quizzes by...
Day
Popularity
Type
Ratings
Length
Year
Community
Subscriptions
Recent Discussions
Orange Saloon
Badges
Playlists
Quests
Create
Leaderboards
Showdown
Live 5
Trivia Bingo
Activity
Puzzle Library
Sporcle Events
Private Events
Virtual Trivia
Globe League
Become a Host
Pub Owners
SporcleCon
Opinionation
Our Games
Videos
Blog
Mobile Apps
Partnerships
Remove Ads and Go Orange
Feedback
Literature
Harry Potter
A Song of Ice and Fire
The Hunger Games
Literary Character
Shakespeare
Book
Author
Novel
Poem
Young Adult
Children's Books
Play
Lord of the Rings
Literature
Harry Potter
A Song of Ice and Fire
The Hunger Games
Literary Character
Shakespeare
Book
Author
Novel
Poem
Young Adult
Children's Books
Play
Lord of the Rings
Random Quiz
Search Sporcle
×
Curator Pick
Curator Pick
Literature
Letter
Type in answers that appear in a list
Type in answers that appear in a list
Classic
Best Score? Go Orange.
Eragon A-Z Stats
Can you name the Eragon Terms A-Z?
By
nyjet624
5m
25 Questions
6,201 Plays
6,201 Plays
6,201 Plays
Comments
Comments
Give Quiz Kudos
Give Quiz Kudos
-
- Ratings
hide this ad
Replay
Link that replays current quiz
Next Quiz
Link to next quiz in quiz playlist
You Got
0%
They Got
Avg Score
79%
Avg Friend Score
Upgrade to see
Score Distribution
Jump to the score distribution portion of the page
Score
0/25
Timer
05:00
0
Plays Today
Letter
Answer
% Correct
B
Brom
96.5%
D
Dwarf
94.9%
A
Arya
94.7%
S
Saphira
90.5%
C
Carvahall
89.8%
G
(King) Galbatorix
87.9%
K
Katrina
86.2%
Q
Queen
85.4%
W
Werecat
84.7%
H
Hammer
83.1%
R
Ra'zac
82.4%
V
the Varden
82.2%
U
Urgals
81.5%
Letter
Answer
% Correct
T
Tree
79.9%
M
Morzan
77.6%
I
Inheritance
77.2%
L
Lake
76.3%
N
Nasuada
72.7%
P
Palancar
71.9%
J
Jeod
71.5%
E
Ellesméra
70.7%
O
Oromis
69.2%
Z
Zar'roc
68.2%
F
Farthen Dûr
63.9%
Y
Yazuac
46.8%
Quiz Playlist
Details
Report
Send in Message
Add To Playlist
Classic:
Type in answers that appear in a list
Last Updated: Feb 16, 2017
Curator Pick in
Letter
Quiz Scoreboard
CHALLENGE
Sign Up to Join the Scoreboard
Show All
Scores
Hide
Comments
May contain spoilers
Recently Published
College Basketball Coaching Resumes
by pancakes188
Sports
9m
Billboard Blitz: Fleetwood Mac
by CooCooCachoo
Music
15s
Presidents Visiting Landmarks
by Hejman
History
7m
More to Explore
Quiz From the Vault
Featured Blog Post
Where Did the Easter Bunny Come From?
hide this ad
You Might Also Like...
Tags
Letter Quiz
Young Adult Quiz
A-Z
Eragon
Eragon Terms
Term
Today's Top Quizzes in Literature
Browse Literature
hide this ad
Today's Top Quizzes in Letter
Browse Letter
Top Contributed Quizzes in Literature
1
Sneaky Slytherin Logic Puzzle
2
Get The Picture: Black or White Literature
3
5-to-1: Plays
4
A Court of Thorns and Roses (ACoTaR) Logic Puzzle
5
One Thing in Common: Literature
6
One Thing in Common: Literature II
7
One Thing in Common: Books
8
One Thing in Common: Literature 3
9
Harry Potter Neighbourly Logic Puzzle #5
10
Literary Siblings Odd One Out III
Explore More
Trending Topics
Marvel
Crossword
Kpop
NBA
Anime
Disney
Harry Potter
Country
Pokémon
Soccer
Song
WWE
Puzzle
NFL
The Office
hide this ad
More By:
nyjet624
Quiz
Plays
Rating
Category
Featured
Created
Eragon A-Z
6,201
4.11
Literature
Dec 2, 2009
2009 Receivers Lost on Revis Island
2,832
3.43
Sports
Jan 7, 2010
New York Jets 53-Man Roster
1,570
5.00
Sports
Sep 30, 2009
All NBA White American Teams
719
2.33
Sports
Dec 18, 2009
Best NFL Player by Number
157
4.50
Sports
Nov 19, 2010
Go to Creator's Profile
Score Distribution
Quiz Creator Spotlight
nyjet624
Follow
Send a Message
Quizzes Created
-
Created Quiz Play Count
-
More By This Creator
Popular Quizzes Today
1
Find the US States - No Outlines Minefield
2
Find the Countries of Europe - No Outlines Minefield
3
The Countries of the World
4
Find the US States
5
Risky Map Clicking: Biggest States A-Z
6
US States
7
Popular People in 1961
8
Movies - When Are They Set?
More Literature Quizzes
Harry Potter logic puzzle: Umbridge's Regime
Quiz Lab
Trending Quizzes
Risky Map Clicking: Least Populous States A-Z
1-10 Letter G Words
1-10 Letter F Words
Risky Map Clicking: Next State Alphabetically
Click the Washington State Counties! (Map)
Recently Updated
Leaping Animals
pecheneg
Reality TV Shows (A-Z)
bhenderson79
Rickey Henderson's Hall of Fame Teammates
pecheneg
Champions League XIs: Arsenal
pecheneg
Quick Pick: Celebrities in WWE's Hall of Fame
aduchscher
A-Z Keypad Blitz II
pecheneg
Multiple Oscar Actors
pecheneg
Mystery Phrase Blitz: Oscar 'Best Actors'
pecheneg
F. Scott Fitzgerald Novels
LTH
Pick 3 Villains
ddd62291
Trending Topics
Kpop
Marvel
Harry Potter
NBA
Anime
Crossword
Disney
NFL
Soccer
Puzzle
Pokémon
The Office
Song
WWE
Country
Your Account Isn't Verified!
In order to create a playlist on Sporcle, you need to verify the email address you used during registration. Go to your
Sporcle Settings
to finish the process.
Report this User
Report this user for behavior that violates our
Community Guidelines
.
Details:
Send Report
Go to the Sporcle.com Mobile Site →
Comments